000 00616nam a22002177a 4500
003 UA-OsUOA
001 57526
007 ta
008 20081225b un ||||| |||| 00| 0 ukr d
100 _aКолодинський С.
090 _a330
_bК-56
942 _cSA
040 _aUA-OsUOA
_bukr
_cUA-OsUOA
_dUA-OsUOA
245 _aІнноваційний потенціал еконоічного розвитку регіону
300 _aС.34-38
955 _a0
041 _aukr
080 _a330
773 0 _w57524
_tЕкономіст
_dК.
_d2008
_g11
650 7 _a330 Економіка взагалі
_2UDC
999 _c343596
_d343596